Países europeus com menor IDH - Statistics

Estatísticas Gerais
  • Esse quiz foi jogado 240 vezes
  • A pontuação média é 9 de 10
Estatísticas das Respostas
IDH País % Correto
0,773 Ucrânia
94%
0,802 Sérvia
93%
0,767 Moldávia
92%
0,770 Macedônia do Norte
91%
0,808 Bielorrússia
89%
0,821 Romênia
89%
0,796 Albânia
88%
0,795 Bulgária
85%
0,780 Bósnia e Herzegovina
84%
0,822 Rússia
82%
Nenhum quiz correspondente encontrado
Distribuição das Pontuações
Porcentagem de Pessoas com Cada Pontuação
Percentil de Números Respondidos
Sua Pontuação Histórica
Você não jogou esse quiz